|
|
|
|
| LEADER |
00000nam a22000007a 4500 |
| 005 |
20120309145053.0 |
| 007 |
cr|||| |||| |
| 008 |
120309s20109999co |||||s|||| 00||0 spa d |
| 020 |
|
|
|a 978-958-648-665-1
|
| 035 |
|
|
|a 6215
|
| 040 |
|
|
|a vLex
|
| 090 |
|
|
|c 3061
|d 3061
|
| 100 |
1 |
|
|a Baena Toro, Diego
|
| 245 |
1 |
0 |
|a Anl̀isis Financiero
|h [Recurso electrn̤ico] :
|b Enfoque y Proyecciones /
|c Diego Baena Toro
|
| 256 |
|
|
|a Servicio en ln̕ea
|
| 260 |
|
|
|a Bogot ̀:
|b Ecoe,
|c 2010
|
| 300 |
|
|
|a 1 recurso electrn̤ico
|
| 490 |
0 |
|
|a Ciencias Administrativas
|
| 500 |
|
|
|a CONTENIDO: Las Finanzas. Generalidades del anl̀isis financiero. Estados Financieros. Actividades para el cl̀culo del anl̀isis financiero. Sistema de Valor agregado (SVA). Creacin̤ del Valor Financiero. Apalancamiento. Proyecciones Financieras.
|
| 506 |
1 |
|
|a Contenido solo disponible en los productos indicados
|d vLex Global
|d vLex Global (Academic Edition, excluding Law Schools)
|d vLex Global (U.S. Academic Edition, Law Schools)
|d vLex Global (U.S. Academic Edition, excluding Law Schools)
|d vLex Global (Academic Edition, Law Schools)
|
| 650 |
0 |
4 |
|a Derecho financiero
|z Colombia
|
| 650 |
0 |
4 |
|a Finanzas
|z Colombia
|
| 740 |
0 |
|
|a vLex Libros (Servicio en ln̕ea)
|
| 856 |
4 |
0 |
|u http://vlex.com/source/analisis-financiero-enfoque-proyecciones-6215
|z Acceso restringido
|
| 942 |
|
|
|c BOOK
|
| 999 |
0 |
|
|a Finance
|
| 999 |
0 |
|
|a Finance--Law and legislation
|